000 00332nam a2200145Ia 4500
008 230917s9999||||xx |||||||||||||| ||und||
040 _e110246
_aMAIN
041 _aEnglish
082 _a589.2 S61F
100 _aSumbali, Geeta
245 0 _aFungi
260 _aNew Delhi
_bNarosa
_c2005
300 _axiii, 298p p.
942 _cBK
999 _c128896
_d128896